000 00684nam a22001817a 4500
005 20140416160734.0
010 _aENG-109721
020 _a9788173817731
_c285.00
035 _aEN-93254
037 _bDBAD/PUB
100 _aDas, P. C
245 0 0 _aApplied english grammar and compostion /
_cby P. C Das
260 _aKolkata
_bNew Central Book Agency
_c2013
270 _a8/1 Chintamoni Das Lane
_bKolkata
_e700009
300 _axv,720p.
_c24cm(pbk)
500 _a
942 _2ddc
_cEN
_mDAS
999 _c83547
_d83547